Statistics for 2020-2021 Premier League - Top Scorers

Click here to take the quiz!

General Stats

  • This quiz has been taken 26 times
  • The average score is 60 of 100

Answer Stats

Answer% Correct
Dominic Calvert-Lewin
96%
Alexandre Lacazette
92%
Bruno Fernandes
92%
Danny Ings
92%
Edinson Cavani
92%
Mohamed Salah
92%
Pierre-Emerick Aubameyang
92%
Roberto Firmino
92%
Sadio Mane
92%
Wilfried Zaha
92%
Anthony Martial
88%
Chris Wood
88%
Diogo Jota
88%
Gabriel Jesus
88%
Gareth Bale
88%
Harry Kane
88%
Ilkay Gundogan
88%
Marcus Rashford
88%
Raheem Sterling
88%
Richarlison
88%
Riyad Mahrez
88%
Son Heung-min
88%
Callum Wilson
83%
Christian Benteke
83%
James Ward-Prowse
83%
Jorginho
83%
Michail Antonio
83%
Nicolas Pepe
83%
Patrick Bamford
83%
Phil Foden
83%
Bukayo Saka
79%
James Rodriguez
79%
Jamie Vardy
79%
Ollie Watkins
79%
Timo Werner
79%
Tomas Soucek
79%
Trent Alexander-Arnold
79%
Ashley Barnes
75%
Harvey Barnes
75%
Mason Greenwood
75%
Mason Mount
75%
Neal Maupay
75%
Raul Jimenez
75%
Rodrigo
75%
Youri Tielemans
75%
Allan Saint-Maximin
71%
Joelinton
71%
Miguel Almiron
71%
Tanguy Ndombele
71%
Emile Smith Rowe
67%
Jack Grealish
67%
James Maddison
67%
John McGinn
67%
Leandro Trossard
67%
Ruben Neves
67%
Che Adams
63%
Lucas Moura
63%
Stuart Armstrong
63%
Aleksander Mitrovic
58%
Anwar El Ghazi
58%
Jarrod Bowen
58%
Kelechi Iheanacho
58%
Pablo Fornals
58%
Michael Keane
54%
Bertrand Traore
50%
Fabio Silva
50%
Tammy Abraham
50%
Bobby Reid
42%
Daniel Podence
42%
David McGoldrick
42%
Jack Harrison
42%
Joe Willock
42%
Stuart Dallas
42%
Danny Welbeck
38%
Eberechi Eze
38%
Jeffrey Schlupp
38%
Lewis Dunk
38%
Matej Vydra
38%
Pedro Neto
38%
Billy Sharp
33%
Dwight McNeil
33%
Matheus Pereira
33%
Callum Robinson
29%
Jairo Riedewald
25%
Jesse Lingard
25%
Kurt Zouma
25%
Sander Berge
25%
Oliver Burke
21%
Pascal Grob
21%
Ademola Lookman
17%
Ashley Westwood
17%
Conor Gallagher
17%
Ivan Cavaleiro
17%
Theo Walcott
17%
Mbaye Diagne
13%
Raphael Dias Belloli
13%
Jayden Bogle
8%
Josh Maja
8%
Gylfi Sigurasson
4%
Kyle Bartley
4%

Score Distribution

Percentile by Number Answered

Percent of People with Each Score

Your Score History

You have not taken this quiz